[Event "AUT-ch U18"]
[Site "Zwettl"]
[Date "2003.??.??"]
[Round "6"]
[White "Scheidl, Bernhard"]
[Black "Leitgeber, Christian"]
[Result "0-1"]
[WhiteElo "1685"]
[BlackElo "1730"]
[PlyCount "76"]
[EventDate "2003.??.??"]
[EventType "swiss"]
[EventRounds "7"]
[EventCountry "AUT"]
[SourceTitle "EXT 2007"]
[Source "ChessBase"]
[SourceDate "2006.11.23"]
[SourceVersion "1"]
[SourceVersionDate "2006.11.23"]
[SourceQuality "1"]

1. e4 d6 2. d4 Nf6 3. Nc3 g6 4. Nf3 Bg7 5. Be2 0-0 6. 0-0 Nc6 7. h3 e5 8. dxe5 dxe5 9. Be3 b6 10. Nd2 Ne7 11. Nc4 c6 12. a4 Be6 13. Qxd8 Raxd8 14. b4 Nh5 15. b5 c5 16. a5 Nf4 17. Na3 Nxe2+ 18. Nxe2 h6 19. Rad1 f5 20. exf5 gxf5 21. axb6 axb6 22. c4 f4 23. Bc1 Nf5 24. Nc3 Nd4 25. f3 Rf6 26. Kh2 Rg6 27. Bb2 Kh7 28. Na4 Bf5 29. Bxd4 exd4 30. Nxb6 Rxb6 31. Rfe1 Ra8 32. Nb1 Ra4 33. Re7 Rxc4 34. Rde1 Bxb1 35. Rxb1 Rb4 36. Rbe1 R4xb5 37. Rc7 Rb7 38. Rc6 d3 0-1